000 00806nam a2200241Ia 4500
003 OSt
005 20220923215318.0
006 a|||||r|||| 00| 0
007 ta
008 220922b |||||||| |||| 00| 0 hin d
024 _a177,680
037 _cTextual
040 _aARTS
_cARTS
_bhin
041 _2hin
_ahin
082 _aO152,1:g(R5), M8
100 _aशर्मा, जगदीश
_9156290
245 0 _aकाव्य-सिद्धान्त और सौन्दर्य शास्त्र
246 _aKāvya-siddhānta aur saundarya shāstra
260 _aजयपुर
_b चिन्मय प्रकाशन
_c1988
300 _a85 पृ.
_ccm.
942 _hO152,1:g(R5), M8
_cTEXL
_2CC
999 _c331068
_d331068